Mercat de treball de Catalunya : Jornada de debat, 18 de setembre de 2003 / Institut d'Estudis Regionals i Metropolitans de Barcelona Jornada de debat, 18 de setembre de 2003 / Institut d'Estudis Regionals i Metropolitans de Barcelona
Otros Autores:
Institut d'Estudis Regionals i Metropolitans de Barcelona
MARC
| LEADER | 00000nam a2200000Ia 4500 | ||
|---|---|---|---|
| 001 | 17297 | ||
| 008 | 160829s9999 xx 000 0 cat d | ||
| 008 | 160829s9999 xx 000 0 cat d | ||
| 080 | |a FU-47-6 | ||
| 245 | |a Mercat de treball de Catalunya : |b Jornada de debat, 18 de setembre de 2003 / Institut d'Estudis Regionals i Metropolitans de Barcelona | ||
| 260 | |a 47 p. : |b il. col. ; 21 cm | ||
| 362 | |a Barcelona : Institut d'Estudis Regionals i Metropolitans de Barcelona : Diputació de Barcelona, 2003 | ||
| 650 | 0 | |a Ocupació |z Barcelona (Província) |x Estadístiques |9 42397 | |
| 650 | |a Mercat de treball |x Catalunya |x Estadístiques |9 50113 | ||
| 700 | |a Institut d'Estudis Regionals i Metropolitans de Barcelona |9 17648 | ||
| 710 | 1 | |a Barcelona (Catalunya : Província). |b Diputació |9 52408 | |
| 901 | |a Arxiu | ||
| 942 | |n 1 | ||
| 952 | |0 0 |1 0 |4 0 |6 FU476 |7 1 |9 44716 |a Arxiu |b Arxiu |d 2016-12-01 |l 0 |o FU-47-6 |p 17297 |r 2016-12-01 00:00:00 |w 2016-12-01 |y ARXIU | ||
| 999 | |c 47297 |d 47297 | ||